| Tag |
First Indicator |
Second Indicator |
Subfields |
| LEADER |
00000nmm a22000001a 4500 |
| 001 |
in00004629021 |
| 006 |
m|||||o||m|||||||| |
| 007 |
cr|cn |||uuuuu |
| 008 |
221118s2011 xxu||||do|||| ||||||eng d |
| 005 |
20221207222050.8 |
| 035 |
|
|
|a (TxWaIVM)IV5920ArAr
|
| 040 |
|
|
|a TxWaIVM
|c TxWaIVM
|
| 245 |
0 |
0 |
|a Archie & Friends #125 /
|c powered by Library Pass.
|
| 260 |
3 |
|
|a [United States] :
|b Archie Comics,
|c 2011.
|
| 300 |
|
|
|a 1 online resource.
|
| 336 |
|
|
|a text
|b txt
|2 rdacontent
|
| 337 |
|
|
|a computer
|b c
|2 rdamedia
|
| 338 |
|
|
|a online resource
|b cr
|2 rdacarrier
|
| 520 |
|
|
|a 'Battle of the Bands,' Part 2. In the aftermath of their rockin' contest performance, the Archies face a new challenge - a sponsor who will only cover half their prize travel expenses! Now the group must get jobs quickly to raise the money - except Reggie and Veronica of course, who are riding on their parents' dimes. But will that free ride last? The rockers learn a valuable lesson about earning their own 'fun money' - and the value of good work ethics in the process, not to mention how important it is to help those in need.
|
| 521 |
|
|
|a 2
|
| 538 |
|
|
|a Requires a valid library card and registration for new users.
|
| 538 |
|
|
|a Mode of access: World Wide Web.
|
| 538 |
|
|
|a System requirements: Flash 10.1 or higher, Windows XP and higher, Internet Explorer 7 and higher, Firefox 3.6 and higher, Google Chrome; Max OS 10.5 and higher, Safari 4 and higher.
|
| 650 |
|
0 |
|a Comic books, strips, etc.
|
| 655 |
|
7 |
|a Electronic books.
|2 local
|
| 655 |
|
7 |
|a Comic books, strips, etc.
|2 gsafd
|
| 650 |
|
0 |
|a Humor
|
| 655 |
|
7 |
|a Humor
|2 gsafd
|
| 650 |
|
0 |
|a Romance comic books, strips, etc.
|
| 655 |
|
7 |
|a Romance comic books, strips, etc.
|2 gsafd
|
| 700 |
1 |
|
|a Fisher, Jane Smith.
|e writer.
|
| 700 |
1 |
|
|a Goldberg, Stan.
|e artist.
|
| 710 |
2 |
|
|a Library Pass, LLC.
|
| 856 |
4 |
0 |
|u http://proxy.library.tamu.edu/login?url=https://tamu.librarypass.com/product/com.iversecomics.archie.comics.archie.friends.one.hundred.twenty.five.03032011
|z Connect to this electronic book (First time users create your free account)
|t 0
|
| 955 |
|
|
|a Comics Plus.
|
| 999 |
f |
f |
|s 1dcbf12f-ae26-41e5-be4e-7d79ae24405b
|i f395bfc3-16cd-4614-8efa-91971f2a945c
|t 0
|
| 952 |
f |
f |
|a Texas A&M University
|b College Station
|c Electronic Resources
|d Available Online
|t 0
|h Library of Congress classification
|
| 998 |
f |
f |
|t 0
|l Available Online
|